000 00450cam a22001934a 4500
005 20250605164317.0
008 250528s ||||||||||||||||||||||||d
035 _a22748
020 _a9780130306876
040 _aGR-AtMCL
_bgre
_dGR-AtMCL
_eAACR2
245 1 _aGRAPHICS CONCEPTS
250 _a1
260 _bPrentice Hall,
_c2000
300 _a86
700 1 _aLueptow Richard M
_98452
942 _cBK
999 _c7793
_d7793